01575nam a2200289 a 450000100100000000500170001000800410002704000250006808200150009310000350010824501100014326000430025330000410029649000380033750000210037550003980039650000390079450400310083359000270086460000820089165100340097365100380100770000250104583000410107095201570111199900170126800003502920200930074046.0111024s1975 xxuac 000 0 eng d aDO-SdBNPbspacBNPHU axxxbD951a1 aDurant, Willd1885-198196065514aThe age of Napoleon :ba history of European civilization from 1789 to 1815 /cWill Durant, Ariel Durant. aNew York :bSimon and Schuster,c1975. axxi, 872 p. :bil., retrs. ;c24 cm.0 aThe story of civilization ;v11 : aIncluye índice aThe history of civilization está compuesta por los siguientes volumenes: vol. 1. Our oriental heritage; vol. 2. The life of Greece; vol. 3. Caesar and Christ; vol. 4. The age of faith; vol. 5. The Renaissance; vol. 6. The Reformation; vol. 7. The age of reason begins; vol. 8. The age of Louis XIV; vol. 9. The age of Voltaire; vol. 10. Rousseau and revolution; vol. 11. The age of Napoleon. aLa biblioteca posee el volumen 11. aBibliografía: p. 781-789 aInventariado, 2019/ YL14aNAPOLEÓNbI,cEMPERADOR DE FRANCIAd1769-1821xRELACIONES CON EUROPA960656 4aEuropaxCivilización921171 4aEuropaxHistoriay1789-1815979781 aDurant, Ariel960657 4aThe story of civilizationn11960658 001050718MOaGRbGRcCTd2011-10-24iLF1l0oxxx D951ap35029-10r2020-06-25w2020-06-25y1zBiblioteca Juan Isidro Jiménes GrullónZNo se presta c34520d34520